000 00602cam a2200145 4500500
005 20260208010011.0
041 _afre
042 _adc
100 1 0 _aAutrand, Michel
_eauthor
245 0 0 _aHENRI ALAIN-FOURNIER, Le Grand Meaulnes. Édition critique de MARIE- HÉLÈNE BOBLET. Paris, Honoré Champion, 2009. Un vol. de 385 p.
260 _c2010.
500 _a21
786 0 _nRevue d'histoire littéraire de la France | 110 | 2 | 2010-06-02 | p. 468v-468v | 0035-2411
856 4 1 _uhttps://shs.cairn.info/revue-d-histoire-litteraire-de-la-france-2010-2-page-468v?lang=fr&redirect-ssocas=7080
999 _c1654782
_d1654782